000 00390nam a2200121Ia 4500
008 220620s9999||||xx |||||||||||||| ||und||
245 0 _aNeurodegeneration
546 _aEnglish[eng]
650 _aNeurology & clinical neurophysiology
700 _aMiguel Martins, L.||Loh, Samantha H.Y.
856 _uhttps://mts.intechopen.com/storage/books/1441/authors_book/authors_book.pdf
942 _cEB
999 _c27505
_d27505